00835nam a2200229 i 450000100060000000300090000600500170001500700030003200800410003502000180007608000110009410000240010524502170012926000310034630000220037749000330039965000460043265000350047870000400051383000300055385200220058388734ES-MaACL20250812053011.0t|041202s1994 sp ||||1| spa d a84-7774-563-3 a875.091 aFränkel, Hermann.10aPoesía y filosofía de la Grecia arcaica b: una historia de la épica, lírica y la prosa griegas hasta la mitad del siglo quinto / cHermann Fränkel ; [traducción de Ricardo Sánchez Ortiz de Urbina]. aMadrid : bVisor, c[1994] a515 p. ; c24 cm.1 aLa balsa de la medusa ; v6314aLiteratura griega-xHistoria y crítica.00aFilosofía griega-xHistoria.1 aSánchez Ortiz de Urbina, Ricardo.13aLa balsa de la Medusav63 aES-MaACLjE-10570